| 000 | 02855nam a2200289Ia 4500 | ||
|---|---|---|---|
| 003 | OSt | ||
| 005 | 20210903090600.0 | ||
| 008 | 210310s2012 ck ad fr 000 0dspa d | ||
| 020 | _a9789587620498 | ||
| 040 |
_aCO-JMCR _cCO-JMCR |
||
| 041 | 0 | _aspa | |
| 082 | 0 | 4 |
_a339 / _bV297m _223 |
| 100 | 1 |
_aVargas Valbuena, Martha Alicia, _917340 _eautora |
|
| 245 | 1 | 0 |
_aMacroeconomía básica : _bcon indicadores económicos / _cMartha Alicia Vargas Valbuena |
| 250 | _aPrimera edición | ||
| 260 |
_aBogotá : _bEdiciones de la U, _c2012 |
||
| 300 |
_b205 páginas : _ailustraciones y gráficas a blanco y negro ; _c24 cm. |
||
| 490 | 0 | _aEconomía | |
| 500 | _aIncluye notas a pie de página y datos biográficos de la autora. | ||
| 504 | _aBibliografía: páginas 203-205 | ||
| 505 | 0 | _aLa economía: planeta Tierra y especie humana -- Efectos económicos de las interacciones entre el planeta Tierra y la especie humana -- Macroeconomía -- Determinación de las principales macromagnitudes o agregados -- Los agentes económicos y su influencia -- Nivel general de precios, tasas e inflación y ciclos económicos -- La producción de un país como agregado básico -- Cuantificación y crecimiento de la producción -- Limitaciones de la macroeconomía -- Políticas macroeconómicas -- Cómo leer e interpretar la economía -- Comparativo de los hechos o categorías económicas | |
| 520 | 3 | _aMi experiencia docente de más de 20 años, me ha mostrado la necesidad de considerar la funcionalidad de los conocimientos y por ende la didáctica de las disciplinas, haciendo entendibles los temas y sus relaciones; por tal razón este documento, más que mostrar la historia de las teorías, el diseño de modelos y los postulados de los grandes pensadores, se limitará a dar las pautas para conocer y comprender el funcionamiento de la Economía de manera elemental, permitiendo la asimilación de los temas. Para lograr este cometido se utilizará en lo posible un lenguaje sencillo, claro y descriptivo, así como fotografías, gráficas, diagramas, tablas y figuras que enriquezcan los contenidos y faciliten la comprensión de los mismos. Propongo un nuevo método de ver o estudiar la economía, reorganizando los contenidos y dándoles una secuencia lógica, la cual se basa en las preguntas y dudas más recurrentes de los estudiantes de las distintas universidades de Bogotá en las que he prestado mis servicios; en algunos temas y a propósito, se repetirán conceptos, para reforzar el aprendizaje. Así mismo, al inicio de cada capitulo se plantean las competencias a obtener con su lectura y al final se proponen actividades para verificar los aprendizajes logrados. | |
| 650 | 1 | 4 |
_aMacroeconomía _917342 |
| 650 | 2 | 4 |
_aAgentes económicos y su influencia _939943 |
| 650 | 2 | 4 |
_aPrincipales macromagnitudes _939944 |
| 942 |
_2ddc _cBK |
||
| 999 |
_c8461 _d8461 |
||